Sheḳspir, (Record no. 33502)
[ view plain ]
| 000 -LEADER | |
|---|---|
| fixed length control field | 00762cam a22002291 4500 |
| 001 - CONTROL NUMBER | |
| control field | he 68002094 |
| 003 - CONTROL NUMBER IDENTIFIER | |
| control field | DLC |
| 005 - DATE AND TIME OF LATEST TRANSACTION | |
| control field | 20260227111500.0 |
| 008 - FIXED-LENGTH DATA ELEMENTS--GENERAL INFORMATION | |
| fixed length control field | 861107s1966 is ac 000 0 hebo |
| 010 ## - LIBRARY OF CONGRESS CONTROL NUMBER | |
| LC control number | he 68002094 |
| 035 ## - SYSTEM CONTROL NUMBER | |
| System control number | (OCoLC)14690102 |
| 040 ## - CATALOGING SOURCE | |
| Original cataloging agency | DLC |
| Transcribing agency | CU |
| Modifying agency | DLC |
| 042 ## - AUTHENTICATION CODE | |
| Authentication code | premarc |
| 050 00 - LIBRARY OF CONGRESS CALL NUMBER | |
| Classification number | PR2893 |
| Item number | .M416 |
| 100 1# - MAIN ENTRY--PERSONAL NAME | |
| Personal name | Mendilow, Adam Abraham, |
| Dates associated with a name | 1909- |
| 245 10 - TITLE STATEMENT | |
| Title | Sheḳspir, |
| Remainder of title | ʻolamo ṿi-yetsirato, |
| Statement of responsibility, etc. | me-et A.A. Mendilov ṿe-Alis Shalvi. [tirgem mi-ketav-yad: Shimʻon Zandbanḳ] |
| 260 ## - PUBLICATION, DISTRIBUTION, ETC. | |
| Place of publication, distribution, etc. | [Tel-Aviv] |
| Name of publisher, distributor, etc. | ha-Ḳibuts ha-Meʼuḥad, |
| Date of publication, distribution, etc. | 726 [1966] |
| 300 ## - PHYSICAL DESCRIPTION | |
| Extent | 267 p. |
| Other physical details | illus., port. |
| Dimensions | 23 cm. |
| 500 ## - GENERAL NOTE | |
| General note | Added t.p.: Shakespeare, his world and his art. |
| 600 10 - SUBJECT ADDED ENTRY--PERSONAL NAME | |
| Personal name | Shakespeare, William, |
| Dates associated with a name | 1564-1616. |
| 700 1# - ADDED ENTRY--PERSONAL NAME | |
| Personal name | Shalvi, Alice. |
No items available.